Niekoľko aplikácií diferenciálnych rovníc v ekonómii
Na minha lista:
| Autor principal: | |
|---|---|
| Formato: | Livro |
| Idioma: | eslovaco |
| Publicado em: |
Bratislava
Katedra matematiky FHI EU
2010
|
| Assuntos: | |
| Tags: |
Sem tags, seja o primeiro a adicionar uma tag!
|
MARC
| LEADER | 00000nam$a2200000$$$4500 | ||
|---|---|---|---|
| 001 | 0111297 | ||
| 005 | 20240502072231.0 | ||
| 041 | 0 | |a slo | |
| 044 | |a SK | ||
| 245 | 1 | 0 | |a Niekoľko aplikácií diferenciálnych rovníc v ekonómii |c Katarína Sakálová |
| 264 | 1 | |a Bratislava |b Katedra matematiky FHI EU |c 2010 | |
| 610 | 2 | 0 | |a ekonómia matematická |
| 610 | 2 | 0 | |a analýza matematická |
| 610 | 2 | 0 | |a funkcie matematické |
| 610 | 2 | 0 | |a dopyt |
| 610 | 2 | 0 | |a úrok |
| 100 | 1 | |a Sakálová, Katarína, 1955- | |